A text book of cost Accounting (Record no. 556)

MARC details
000 -LEADER
fixed length control field 00408nam a22001697a 4500
005 - DATE AND TIME OF LATEST TRANSACTION
control field 20160511135606.0
008 - FIXED-LENGTH DATA ELEMENTS--GENERAL INFORMATION
fixed length control field 160511b xxu||||| |||| 00| 0 eng d
020 ## - INTERNATIONAL STANDARD BOOK NUMBER
ISBN 81-259-1439-0
041 ## - LANGUAGE CODE
Language code of text/sound track or separate title eng
082 ## - DEWEY DECIMAL CLASSIFICATION NUMBER
Item number 1288
100 ## - MAIN ENTRY--AUTHOR NAME
Personal name Arora MN
245 ## - TITLE STATEMENT
Title A text book of cost Accounting
260 ## - PUBLICATION, DISTRIBUTION, ETC. (IMPRINT)
Name of publisher Vikas Publishing house Pvt. Ltd.
Year of publication 2004
300 ## - PHYSICAL DESCRIPTION
Number of Pages 1069
650 ## - SUBJECT ADDED ENTRY--TOPICAL TERM
Topical Term Management
942 ## - ADDED ENTRY ELEMENTS (KOHA)
Koha item type Books
Holdings
Lost status Damaged status Home library Current library Date acquired Cost, normal purchase price Full call number Accession Number Koha item type
Lost   JRU Library JRU Library 11/05/2016 295.00 1288 1288 Books